000 00659nam a2200205 i 4500
001 150744
003 ES-MaACL
005 20230906203655.0
007 t|
008 071107s1887 gw ||||1| ger d
100 1 _aDinter, Gustav Friedrich.
_944845
245 1 0 _aF. G. Dinters ausgewèahlte pèadagogische Schriften /
_cMit Einl. u. Anm. hrsg. v. Friedrich Seidel.
260 _aLangensalza :
_bBeyer,
_c1881.
300 _a2 v. ;
_c22 cm.
490 1 _aBibliothek pèadagogischer klassiker
700 1 _aSeidel, Friedrich.
_9105242
830 0 _aBibliothek pèadagogischer klassiker
_9182509
852 _aES-MaACL
_jG-15173-4
999 _c150744
_d150744